header

Navajo places (Record no. 28117)

MARC details
000 -LEADER
fixed length control field 01473nam a2200337 a 4500
082 04 - DEWEY DECIMAL CLASSIFICATION NUMBER
Classification number 979/.004972
100 1# - MAIN ENTRY--AUTHOR NAME
Personal name Linford, Laurance D.
245 10 - TITLE STATEMENT
Title Navajo places
260 ## - PUBLICATION, DISTRIBUTION, ETC. (IMPRINT)
Place of publication Salt Lake City :
Name of publisher University of Utah Press,
Year of publication c2000.
300 ## - PHYSICAL DESCRIPTION
Number of Pages xviii, 353 p.
650 #0 - SUBJECT ADDED ENTRY--TOPICAL TERM
Topical Term Names, Navajo
Topical Term Names, Geographical
Topical Term Navajo mythology.
Topical Term Navajo Indians
856 40 - ELECTRONIC LOCATION AND ACCESS
Uniform Resource Identifier http://site.ebrary.com/lib/rucke/Doc?id=10015737

No items available.

© 2026 Rongo University
Contact us: librarian | system librarian | Rongo university